Sir Pherozeshah Mehta; a political biography (Record no. 374055)

000 -LEADER
fixed length control field 00437cam a22001457a 4500
008 - FIXED-LENGTH DATA ELEMENTS--GENERAL INFORMATION
fixed length control field 180718b1921 xxu||||| |||| 00| 0 eng d
082 ## - DEWEY DECIMAL CLASSIFICATION NUMBER
Classification number A99 M474/M721
100 ## - MAIN ENTRY--PERSONAL NAME
Personal name Modi, H.P.
245 ## - TITLE STATEMENT
Title Sir Pherozeshah Mehta; a political biography
Statement of responsibility, etc. by H.P. Modi
260 ## - PUBLICATION, DISTRIBUTION, ETC.
Place of publication, distribution, etc. Bombay
Name of publisher, distributor, etc. Times Press
Date of publication, distribution, etc. 1921
300 ## - PHYSICAL DESCRIPTION
Extent 2v.
500 ## - GENERAL NOTE
General note v.2.(1897-1915).p.387-698. Rs.8.00
650 ## - SUBJECT ADDED ENTRY--TOPICAL TERM
Topical term or geographic name entry element Nationalism - India
650 ## - SUBJECT ADDED ENTRY--TOPICAL TERM
Topical term or geographic name entry element Mehta Sir Pheroz Sha 1845-1915
Holdings
Withdrawn status Lost status Damaged status Not for loan Permanent Location Current Location Date acquired Full call number Barcode Date last seen Price effective from Koha item type
        Indian Institute of Public Administration Indian Institute of Public Administration 1994-06-24 A99 M474/M721 9735 2018-07-21 2018-07-21 Book

Powered by Koha